000 00627nam a22002297a 4500
003 SEACOMEC
005 20230928090003.0
008 230928b |||||||| |||| 00| 0 eng d
020 _cRs.350.00
040 _aSEACOMEC
082 _a620.1
_bRAJ
100 _aRajasekhara, S.
245 _aEngineering mechanic
_bStatics and dynamics
_cS. Rajasekhara,and G. Shankarasubhramanian
250 _a3rd ed
260 _aNew Delhi
_bVikash
_c2006
650 _aEngineering
650 _aEngineering mechanic
650 _aEngineering statics
650 _aEngineering dynamics
700 _aShankarasubhramanian, G.
942 _cBOOK
999 _c5
_d5